| 000 | 04909nam a22004815a 4500 | ||
|---|---|---|---|
| 005 | 20070514151213.0 | ||
| 008 | 070119s2006 pk b 000 0 eng | ||
| 010 | _aB-269273-294 | ||
| 020 |
_a9788170493099 _c795.00 |
||
| 035 | _aB-269273-294 | ||
| 040 |
_adpl _bEnglish |
||
| 082 | _a796 | ||
| 100 | _aGhosh, C.N. | ||
| 245 |
_aSports, games and adventure sports: _ban unique collection of 70 disciplines / _cby C.N. Ghosh |
||
| 260 |
_aNew Delhi _bManas Publications _c2008 |
||
| 300 |
_a575p. _c23 cm(Hb) _bb&w photos |
||
| 942 |
_2ddc _cEN _mGHO _h796 |
||
| 999 |
_c16804 _d16804 |
||